000 00504nam a2200181Ia 4500
008 090124s9999 xx 000 0 und d
082 _b123031
100 _aकाकोडकर चंद्रकांत.
245 _a नायक
250 _a1
260 _c1988
300 _a198
600 _aकाकोडकर चंद्रकांत.
630 _a नायक
700 _aकाकोडकर चंद्रकांत.
730 _a नायक
942 _cBOOK
999 _c169117
_d169117